=LDR 00000nam 2200000 4500 =001 000259 =990 ##$$a TBM202500074 =005 20250710122607 =035 ##$$a 0010-0725000093 =007 ta =008 250710################a##########0#ind## =020 ##$$a 978-623-472-053-2 =082 ##$$a 398-209 598 =084 ##$$a 398-209 598 RAM t =100 #$$a Rampa, Paballo =245 1#$$a Tumi Pergi ke Taman /$c Paballo Rampa =250 ##$$a Cetakan Pertama =260 ##$$a Jakarta Timur :$b Badan Pengembangan dan Pembinaan Bahasa,$c 2024 =300 ##$$a 28 hlm. : $b ilus. ; $c 22,9 cm =650 #4$$a Cerita Anak Indoneisa- Terjemahan-Inggris =650 #4$$a Literasi-Bahan Bacaan =856 ##$$a TBM As Suhada